• 首页
  • 本馆介绍
  • 公告通知
  • 最新文献
  • 馆藏检索
  • 电子资源
  • 读者导购
  • 参考咨询
  • 我的图书馆
  • 登录
  • 详细信息显示
  • 放入我的书架
  • 预约/预借图书
  • 作者相关作品
  • 分类相关作品
  • 丛书相关作品
  • 出版社相关作品

书目信息

  • 表格格式
  • 工作单格式
  • 卡片格式
题名:
分子药理学
    
 
作者: 段为钢 , 云宇 主编
分册:  
出版信息: 北京   科学出版社  2015.03
页数: 472页
开本: 26cm
丛书名:
单 册:
中图分类: R966
科图分类:
主题词: 分子--药理学
电子资源:
ISBN: 978-7-03-043553-8
000 00877nam0 2200229 450
001 4678
005 20181012153952.14
010    @a978-7-03-043553-8@b精装@dCNY158.00
100    @a20150712d2015 em y0chiy50 ea
101 0  @achi
102    @aCN@b110000
105    @ay z 000yy
200 1  @a分子药理学@9fen zi yao li xue@f段为钢,云宇主编
210    @a北京@c科学出版社@d2015.03
215    @a472页@d26cm
330    @a本书从药物与靶点相互作用的角度进行编写,对药物作用的本质进行了阐释。内容包括:药物与受体、离子通道、转运体、酶、核受体的相互作用,以及药物基因组学、转基因动物和免疫治疗等。试图从药物与靶点相互作用的角度解释药物的作用和不良反应,并指导新药设计。
606 0  @a分子@x药理学
690    @aR966@v5
701  0 @a段为钢@9duan wei gang@f(1974-)@4主编
701  0 @a云宇@9yun yu@c(女,@f1978-)@4主编
801  0 @aCN@b91MARC@c20150712
905    @aMuseLib@dR966@e153
    
    分子药理学/段为钢,云宇主编.-北京:科学出版社,2015.03
    472页;26cm
    
    
    ISBN 978-7-03-043553-8(精装):CNY158.00
    本书从药物与靶点相互作用的角度进行编写,对药物作用的本质进行了阐释。内容包括:药物与受体、离子通道、转运体、酶、核受体的相互作用,以及药物基因组学、转基因动物和免疫治疗等。试图从药物与靶点相互作用的角度解释药物的作用和不良反应,并指导新药设计。
●
相关链接 在E读中查询图书 在五车中查询图书 在当当中查询图书 在豆瓣中查询图书


正题名:分子药理学     索取号:R966/153         预约/预借

序号 登录号 条形码 馆藏地/架位号 状态 备注
1 1126191   211261917   第二样本阅览室/ [索取号:R966/153] 在馆    
2 1126192   211261926   第三借阅区/ [索取号:R966/153] 在馆    
唐山师范学院图书馆 欢迎您!
大连网信软件有限公司© 版权所有